000 00427nam a22001697a 4500
005 20160629145029.0
008 160629b xxu||||| |||| 00| 0 eng d
020 _a81-85749-57-4
041 _aeng
082 _b12473
100 _aGupta, J. B
_93167
245 _aTransmission & Distribution of Electrical Power
260 _bS.K. Kataria & Sons
_c2012
300 _a451
650 _aDiploma Engineering
_9817
942 _cBK
999 _c4717
_d4715